Bases para una respuesta de América Latina a la crisis internacional /

Tallennettuna:
Bibliografiset tiedot
Päätekijä: Alzamora Traverso, Carlos
Muut tekijät: Iglesias, Enrique V.
Aineistotyyppi: Teksti
Julkaistu: s.l.: CEPAL
Tagit: Lisää tagi
Ei tageja, Lisää ensimmäinen tagi!

MARC

LEADER 00000 a a2200000 04500
001 25182
003
040
090 |a 182100  
100 |a Alzamora Traverso, Carlos  
245 |a Bases para una respuesta de América Latina a la crisis internacional /  |c Carlos Alzamora Traverso 
260 |a s.l.:   |b CEPAL  
300 |a 72 p.  
700 |a Iglesias, Enrique V.  
999 |c 15828  |d 15828